Readers, rebels, visionaries: The literary sphere of bhagat singh and sukhdev (Record no. 394594)

MARC details
000 -LEADER
fixed length control field 00562 a2200193 4500
005 - DATE & TIME
control field 20260210105310.0
008 - FIXED-LENGTH DATA ELEMENTS--GENERAL INFORMATION
fixed length control field 260209b |||||||| |||| 00| 0 eng d
020 ## - ISBN
International Standard Book Number 9789356877894
Price Rs. 1395.00
040 ## - CATALOGING SOURCE
Original cataloging agency VIVEKANANDA LIBRARY
082 ## - DDC NUMBER
Classification number 954.035092
Book Number A14R
100 ## - MAIN ENTRY--PERSONAL NAME
Personal name Anand, Neeru Nangia
245 ## - TITLE STATEMENT
Title Readers, rebels, visionaries: The literary sphere of bhagat singh and sukhdev
260 ## - PUBLICATION, DISTRIBUTION, ETC. (IMPRINT)
Name of publisher, distributor, etc Primus Books
Date of publication, distribution, etc 2024
Place of publication, distribution, etc Lucknow
300 ## - PHYSICAL DESCRIPTION
Pages xii, 338
650 ## - Subject
Subject History
650 ## - Subject
Subject Indian National Movement
650 ## - Subject
Subject Collective Biography
942 ## - ADDED ENTRY ELEMENTS (KOHA)
Koha item type Books
Holdings
Withdrawn status Lost status Source of classification or shelving scheme Damaged status Not for loan Location (home branch) Sublocation or collection (holding branch) Shelving location Date acquired Koha issues (times borrowed) Koha full call number Accession No. Koha date last seen Koha item type
    Dewey Decimal Classification     VIVEKANANDA LIBRARY VIVEKANANDA LIBRARY Vivekananda Library 22/01/2026   954.035092 A14R 444391 22/01/2026 Books
© Designed and Maintained by Vivekananda Library, MDU Rohtak